Представление документа в формате RUSMARC

ПолеНазваниеЗначение
  Тип записи a
  Библиографический уровень m
001 Контрольный номер 19e9809fc04b4becb96e7710c7cd652d
005 Дата корректировки 20250926093903.2
010 Индекс ISBN __
a ISBN 978-5-378-34146-7
b Уточнения в пер.
100 Данные общей обработки __
a Данные общей обработки 20250804d 0rusy0189## ca
101 Язык документа 0_
a Язык текста rus
102 Страна публикации __
a Страна публикации RU
200 Заглавие и сведения об ответственности 1_
a Заглавие Сыщики из 5 "А"
f Первые сведения об ответственности Александра Калинина
e Сведения, относящиеся к заглавию [для среднего школьного возраста]
g Последующие сведения об ответственности [худож.: Алиса Дьяченко]
210 Выходные данные 1_
a Место издания Ростов-на-Дону
c Издательство Проф-Пресс
d Дата издания 2024
215 Физическое описание __
a Объем 124, [4] с.
c Иллюстрации/тип воспроизводства ил.
225 Серия 2_
a Серия Детский детектив
333 Примечание о целевом назначении __
a Примечание о целевом назначении 6+
517 Другие варианты заглавия 1_
a Другие варианты заглавия Сыщики из пятого "А"
606 Тематические рубрики 0_
a Основная рубрика Русская детская литература, 21 в.
610 Ключевые слова 0_
a Ключевые слова детские детективы; юные сыщики (х. л.); детективные расследования (х. л.); таинственные исчезновения (х. л.); загадочные события (х. л.); детская дружба (х. л.); захватывающие приключения (х. л.); одноклассники (х. л.); коты (х. л.)
686 Индексы других классификаций __
a Классификационный индекс Р2
700 Автор _1
a Фамилия Калинина
b Имя (инициалы) А. Н.
g Полное личное имя Александра Николаевна
801 Источник записи _0
a Страна RU
b Организация УОБДЮ
c Дата составления 20250804
g Правила каталогизации RCR
801 Источник записи _1
a Страна RU
b Организация УОБДЮ
c Дата составления 20250804
g Правила каталогизации RCR
830 Общее примечание каталогизатора __
a Текст примечания Д
852 Данные о местонахождении __
i Авторский знак К 17
j Шифр хранения Р2
900 Электронные ресурсы __
a Имя электронного ресурса 591551
901 Тип документа __
t Тип документа m
905 Данные по созданию БЗ __
b Логин пользователя, который создал БЗ imm
b Логин пользователя, который создал БЗ o8
a Дата создания БЗ 202510
909 Создатель записи __
b Дата создания записи 20250804